• 首页
  • 本馆介绍
  • 公告通知
  • 最新文献
  • 馆藏检索
  • 电子资源
  • 读者导购
  • 参考咨询
  • 我的图书馆
  • 登录
  • 详细信息显示
  • 放入我的书架
  • 预约/预借图书
  • 作者相关作品
  • 分类相关作品
  • 丛书相关作品
  • 出版社相关作品

书目信息

  • 表格格式
  • 工作单格式
  • 卡片格式
题名:
北部湾经济区环境地质问题研究
    
 
作者: 黎清华 , 黄国彬 著
分册:  
出版信息: 武汉   中国地质大学出版社  2015.12
页数: 197页
开本: 30cm
丛书名:
单 册:
中图分类: P562 , X141
科图分类:
主题词:
电子资源:
ISBN: 978-7-5625-3729-8
000 01474nam0 2200289 450
001 CAL 012016040366
005 20230308143222.0
010    @a978-7-5625-3729-8@dCNY128.00
099    @aCAL 012016040366
100    @a20160118d2015 em y0chiy0120 ea
101 0  @achi
102    @aCN@b420000
105    @aak a 000yy
106    @ar
200 1  @a北部湾经济区环境地质问题研究@Abei bu wan jing ji qu huan jing di zhi wen ti yan jiu@f黎清华, 黄国彬等著
210    @a武汉@c中国地质大学出版社@d2015.12
215    @a197页@c图 (部分彩图)@d30cm
300    @a中国地质调查成果CGS2015-040 中国地质调查“北部湾经济区地质环境综合调查评价与区划”项目 (121011140033) 资助
320    @a有书目 (第197页)
330    @a本书在沿海主要经济区地质环境调查评价统一技术要求的指导下, 制定完成了《北部湾经济区地质环境调查评价与区划实施技术细则》, 并在调查的基础上, 研究总结了北部湾经济区环境地质背景条件及目前存在的主要环境地质问题, 对其发育特征及规律进行了总结, 为下一阶段的深入调查研究奠定了基础 ; 开展了潮间带地质环境状况与现代沉积地貌演变专题研究, 获取了典型地段表层沉积物常微量元素 (含重金属) 含量指标的背景值, 分析了近200年以来潮间带环境演变的规律及特征, 为下一阶段对比研究人类工程活动对海岸带地区环境状况的影响分析提供了背景参考值。
607    @a北部湾@Abei bu wan@x经济区@x地质环境@x研究
690    @aP562@v5
690    @aX141@v5
701  0 @a黎清华@Ali qing hua@4著
701  0 @a黄国彬@Ahuang guo bin@4著
801  0 @aCN@bBJXHXP@c20230308
905    @b1408696-8@dP562@e181@f3
    
    北部湾经济区环境地质问题研究/黎清华, 黄国彬等著.-武汉:中国地质大学出版社,2015.12
    197页:图 (部分彩图);30cm
    中国地质调查成果CGS2015-040 中国地质调查“北部湾经济区地质环境综合调查评价与区划”项目 (121011140033) 资助
    
    ISBN 978-7-5625-3729-8:CNY128.00
    本书在沿海主要经济区地质环境调查评价统一技术要求的指导下, 制定完成了《北部湾经济区地质环境调查评价与区划实施技术细则》, 并在调查的基础上, 研究总结了北部湾经济区环境地质背景条件及目前存在的主要环境地质问题, 对其发育特征及规律进行了总结, 为下一阶段的深入调查研究奠定了基础 ; 开展了潮间带地质环境状况与现代沉积地貌演变专题研究, 获取了典型地段表层沉积物常微量元素 (含重金属) 含量指标的背景值, 分析了近200年以来潮间带环境演变的规律及特征, 为下一阶段对比研究人类工程活动对海岸带地区环境状况的影响分析提供了背景参考值。
●
相关链接 在E读中查询图书 在五车中查询图书 在当当中查询图书 在豆瓣中查询图书


正题名:北部湾经济区环境地质问题研究     索取号:P562/181         预约/预借

序号 登录号 条形码 馆藏地/架位号 状态 备注
1 1408696   214086969   第二样本阅览室/ [索取号:P562/181] 在馆    
2 1408697   214086978   第三借阅区/ [索取号:P562/181] 在馆    
3 1408698   214086987   第三借阅区/ [索取号:P562/181] 在馆    
唐山师范学院图书馆 欢迎您!
大连网信软件有限公司© 版权所有